000
00265nam a22001097a 4500
008
170125b xxu||||| |||| 00| 0 eng d
020
_a
9781416027362
041
_a
eng
080
_a
618.2
245
_a
NURSING CLINICS OF NORTH AMERICA
_c
PREVOST, S.S
942
_2
udc
_c
BK
999
_c
3573
_d
3573